000
00278nam a22001217a 4500
082
_a
543 EWI'I
100
_a
EWING, G.W
_9
57245
245
_a
INSTRUMENTAL METHODS OF CHEMICAL ANALYSIS
250
_a
2ND
260
_a
NEWYORK
_b
MCGRAW HILL
_c
1960
300
_a
454P
942
_c
BK
999
_c
567536
_d
567536